|
|
|
|
| LEADER |
00000nab a2200000 a 4500 |
| 001 |
vtls011615294 |
| 003 |
SK-MaSNL |
| 005 |
20260319070839.0 |
| 008 |
170302|2017 xo w| 000 0|hun |
| 015 |
|
|
|a SNBRB2017/03
|
| 038 |
|
|
|a DSZK
|
| 040 |
|
|
|a DSZK
|b slo
|c DSZK
|e AACR2
|
| 041 |
|
|
|a hun
|a slo
|
| 044 |
|
|
|a xo
|c SK
|
| 080 |
|
|
|a 796.332.071.2
|x (437.612)
|2 2011
|
| 100 |
1 |
|
|a Bazsó, Tímea
|4 ivr
|4 aut
|9 1086332
|
| 245 |
1 |
0 |
|a Csallóközi tehetségek célkeresztben: Kardos Nikolasz
|c Bazsó Tímea, Kardos Nikolasz
|
| 300 |
|
|
|b Fotogr.
|
| 600 |
1 |
7 |
|a Kardos, Nikolasz
|2 dszk
|9 1087835
|
| 610 |
2 |
7 |
|a NAFC Veľké Blahovo
|2 dszk
|9 1087608
|
| 650 |
0 |
7 |
|a futbalisti
|2 SNKPH
|9 43771
|
| 651 |
|
7 |
|a Veľké Blahovo (Slovensko)
|2 SNKPH
|9 152988
|
| 700 |
1 |
|
|a Kardos, Nikolasz
|4 ive
|4 aut
|9 1087835
|
| 773 |
0 |
|
|t Csallóköz=Žitný ostrov
|g Évf. 57, sz. 9 (2017), o. 41
|x 1336-3638
|
| 852 |
|
|
|a DSZK
|b KIS3GCP
|
| 856 |
|
|
|a http://www.csallokoz.sk
|
| 958 |
|
|
|a SK
|
| 958 |
|
|
|a HU
|
| 999 |
|
|
|c 1788607
|d 1790537
|